[Event "Washington op"]
[Site "Washington DC "]
[Date "2015.10.11"]
[Round "8"]
[White "Trifale, Sharvil"]
[Black "Hung, Daniel"]
[Result "1/2-1/2"]
[WhiteElo "1901"]
[BlackElo "1538"]
[PlyCount "90"]
[EventDate "2015.10.07"]
[EventType "swiss"]
[EventRounds "9"]
[EventCountry "USA"]
[SourceTitle "CBM 168 Extra"]
[Source "ChessBase"]
[SourceDate "2015.10.29"]
[SourceVersion "1"]
[SourceVersionDate "2015.10.29"]
[SourceQuality "1"]

1. c4 e5 2. g3 Nc6 3. Bg2 Bc5 4. Nc3 a6 5. e3 d6 6. Nge2 Ba7 7. d3 Nge7 8. a3 Be6 9. Nd5 0-0 10. 0-0 Qd7 11. Nec3 Nd8 12. Nxe7+ Qxe7 13. b4 Qd7 14. a4 Bh3 15. Bxh3 Qxh3 16. Qf3 c6 17. b5 f5 18. Qg2 Qh6 19. bxa6 bxa6 20. Bd2 Rc8 21. Rab1 Rc7 22. Na2 Ne6 23. Kh1 f4 24. exf4 exf4 25. gxf4 Nxf4 26. Bxf4 Rxf4 27. Nb4 Rcf7 28. Rb2 Bd4 29. Re2 Be5 30. f3 Rh4 31. Qg1 Rf6 32. Nxc6 Bf4 33. Rfe1 Rf8 34. Ne7+ Kh8 35. Nf5 Bxh2 36. Rxh2 Rxh2+ 37. Qxh2 Qf6 38. Nh4 g5 39. Ng2 Qxf3 40. Qxd6 g4 41. Qe5+ Rf6 42. Qh5 Rf8 43. Qe5+ Rf6 44. Qb8+ Rf8 45. Qb2+ Kg8 1/2-1/2

[Event "Washington op"]
[Site "Washington DC "]
[Date "2015.10.10"]
[Round "6"]
[White "Trifale, Sharvil"]
[Black "Jacobson, Aaron"]
[Result "0-1"]
[WhiteElo "1901"]
[BlackElo "2119"]
[PlyCount "58"]
[EventDate "2015.10.07"]
[EventType "swiss"]
[EventRounds "9"]
[EventCountry "USA"]
[SourceTitle "CBM 168 Extra"]
[Source "ChessBase"]
[SourceDate "2015.10.29"]
[SourceVersion "1"]
[SourceVersionDate "2015.10.29"]
[SourceQuality "1"]

1. c4 e6 2. g3 Nf6 3. Bg2 d5 4. b3 Be7 5. Bb2 0-0 6. Nf3 b6 7. 0-0 Bb7 8. d3 c5 9. e3 Nbd7 10. Ne5 Qc7 11. f4 Rfd8 12. Qe2 dxc4 13. Nxc4 Bxg2 14. Kxg2 b5 15. Ne5 Nxe5 16. Bxe5 Qd7 17. d4 Ne4 18. Qf3 Qd5 19. dxc5 Bxc5 20. Rc1 b4 21. Rc4 f5 22. Bd4 Bxd4 23. exd4 a5 24. a3 Rac8 25. axb4 Rxc4 26. Rxa5 Qxd4 27. bxc4 Qb2+ 28. Kh3 Nf2+ 29. Kg2 Ng4+ 0-1